[Event "Aarhus-ch"]
[Site "Aarhus"]
[Date "2019.02.16"]
[Round "5"]
[White "Jessen, Alexander"]
[Black "Christensen, John Christoffer H"]
[Result "1/2-1/2"]
[WhiteElo "2042"]
[BlackElo "1814"]
[PlyCount "82"]
[EventDate "2019.02.14"]
[EventType "swiss"]
[EventRounds "7"]
[EventCountry "DEN"]
[SourceTitle "EXT 2021"]
[Source "ChessBase"]
[SourceDate "2020.10.23"]
[SourceVersion "1"]
[SourceVersionDate "2020.10.23"]
[SourceQuality "1"]

1. d4 d5 2. c4 c6 3. Nf3 Nf6 4. Nc3 e6 5. cxd5 exd5 6. Bg5 Be7 7. Qc2 Be6 8. e3 0-0 9. Bd3 h6 10. Bh4 Nbd7 11. 0-0 Rc8 12. Ne5 Nxe5 13. dxe5 Ng4 14. Bg3 Bh4 15. Bf4 d4 16. Nd1 dxe3 17. Nxe3 Bg5 18. Rad1 Nxe3 19. Bxe3 Qc7 20. f4 Bd8 21. Qe2 Bd5 22. Bf5 Be6 23. Bb1 Bd5 24. Bd4 f5 25. exf6 Bxf6 26. Qc2 Bxd4+ 27. Rxd4 Qb6 28. Qf2 Rce8 29. Kh1 Qb5 30. Bd3 Qc5 31. a3 Rd8 32. Bc4 a5 33. h3 Kh8 34. Bxd5 Rxd5 35. Rxd5 Qxd5 36. Qe2 Rd8 37. Re1 b5 38. Qc2 c5 39. Qg6 Qd2 40. Re8+ Rxe8 41. Qxe8+ Kh7 1/2-1/2

[Event "EU-Cup 34th"]
[Site "Porto Carras"]
[Date "2018.10.18"]
[Round "7.6"]
[White "Jessen, Alexander"]
[Black "Kathstede, Gerd"]
[Result "1/2-1/2"]
[WhiteElo "2060"]
[BlackElo "2008"]
[PlyCount "61"]
[EventDate "2018.10.12"]
[EventType "team-swiss"]
[EventRounds "7"]
[EventCountry "GRE"]
[SourceTitle "CBM 187"]
[Source "ChessBase"]
[SourceDate "2018.12.11"]
[SourceVersion "1"]
[SourceVersionDate "2018.12.11"]
[SourceQuality "1"]
[WhiteTeam "Jetsmark"]
[BlackTeam "Aachen Aufwaerts"]
[WhiteTeamCountry "DEN"]
[BlackTeamCountry "GER"]

1. d4 Nf6 2. c4 e6 3. Nc3 Bb4 4. e3 0-0 5. Bd3 d5 6. Nge2 c5 7. cxd5 cxd4 8. exd4 Nxd5 9. 0-0 Nc6 10. Bc2 Be7 11. Qd3 g6 12. a3 b6 13. Rd1 Bf6 14. Nxd5 Qxd5 15. Nc3 Qh5 16. d5 exd5 17. Nxd5 Bg7 18. Ba4 Ne5 19. Qe4 Bg4 20. Nf4 Qh4 21. Rd4 Bf5 22. Qd5 Ng4 23. Nh3 Bxd4 24. Qxd4 Rfd8 25. Qb4 a5 26. Qxb6 Nxf2 27. Nxf2 Qxa4 28. Bg5 Rd7 29. Bf6 Qf4 30. Qc6 Re8 31. Rf1 1/2-1/2

[Event "EU-Cup 34th"]
[Site "Porto Carras"]
[Date "2018.10.15"]
[Round "4.6"]
[White "Jessen, Alexander"]
[Black "Egan, Colm"]
[Result "0-1"]
[WhiteElo "2060"]
[BlackElo "1729"]
[PlyCount "118"]
[EventDate "2018.10.12"]
[EventType "team-swiss"]
[EventRounds "7"]
[EventCountry "GRE"]
[SourceTitle "CBM 187"]
[Source "ChessBase"]
[SourceDate "2018.12.11"]
[SourceVersion "1"]
[SourceVersionDate "2018.12.11"]
[SourceQuality "1"]
[WhiteTeam "Jetsmark"]
[BlackTeam "Dublin"]
[WhiteTeamCountry "DEN"]
[BlackTeamCountry "IRL"]

1. d4 d6 2. c4 e5 3. d5 f5 4. Nc3 Nf6 5. Nf3 Be7 6. g3 0-0 7. Bg2 Qe8 8. c5 Na6 9. cxd6 cxd6 10. a3 Bd7 11. b4 Rc8 12. Bb2 Bd8 13. Ng5 Nc7 14. 0-0 Be7 15. Qb3 Kh8 16. Ne6 Nxe6 17. dxe6 Bc6 18. Rfd1 Bxg2 19. Kxg2 f4 20. f3 fxg3 21. hxg3 Nh5 22. Ne4 Qg6 23. Rh1 Nf4+ 24. Kf2 Nxe6 25. Qd3 Ng5 26. Nxg5 Qxd3 27. exd3 Rc2+ 28. Ke1 Bxg5 29. Rb1 Rxf3 30. Rf1 Rxf1+ 31. Kxf1 h5 32. Ba1 Rc1+ 33. Rxc1 Bxc1 34. a4 Kh7 35. Ke2 Kg6 36. b5 b6 37. d4 Kf5 38. Bc3 Ke4 39. dxe5 dxe5 40. Bb4 Kd5 41. Bf8 g6 42. Kd3 e4+ 43. Kc3 Be3 44. Be7 Bd4+ 45. Kd2 Kc4 46. Kc2 Be5 47. Kd2 Bxg3 48. Ke3 Kb3 49. Bc5 bxc5 50. a5 Bc7 51. a6 c4 52. Kd2 Kb2 53. b6 Bxb6 54. Kd1 c3 55. Ke1 c2 56. Ke2 g5 57. Kd2 c1Q+ 58. Ke2 Qc2+ 59. Ke1 h4 0-1

[Event "EU-Cup 34th"]
[Site "Porto Carras"]
[Date "2018.10.12"]
[Round "1.6"]
[White "Dvirnyy, Danyyil"]
[Black "Jessen, Alexander"]
[Result "1-0"]
[WhiteElo "2480"]
[BlackElo "2060"]
[PlyCount "47"]
[EventDate "2018.10.12"]
[EventType "team-swiss"]
[EventRounds "7"]
[EventCountry "GRE"]
[SourceTitle "CBM 187"]
[Source "ChessBase"]
[SourceDate "2018.12.11"]
[SourceVersion "1"]
[SourceVersionDate "2018.12.11"]
[SourceQuality "1"]
[WhiteTeam "Padova Obiettivo"]
[BlackTeam "Jetsmark"]
[WhiteTeamCountry "ITA"]
[BlackTeamCountry "DEN"]

1. e4 e6 2. d4 d5 3. Nd2 Nf6 4. e5 Nfd7 5. c3 c5 6. Bd3 Nc6 7. Ngf3 g6 8. h4 Bg7 9. h5 0-0 10. Nf1 Qe8 11. hxg6 fxg6 12. Be3 cxd4 13. cxd4 Nb6 14. Ng5 h6 15. Nf3 h5 16. Nh4 Ne7 17. Nxg6 Nxg6 18. Qxh5 Rf5 19. Qh7+ Kf8 20. Rh3 Nf4 21. Bxf5 Nxg2+ 22. Ke2 Nxe3 23. Nxe3 exf5 24. Rg1 1-0

[Event "Nordic-ch U18 Gp-A"]
[Site "Bifrost"]
[Date "2013.02.09"]
[Round "4"]
[White "Vormadal, Runi E"]
[Black "Jessen, Alexander"]
[Result "0-1"]
[WhiteElo "1691"]
[BlackElo "1945"]
[PlyCount "94"]
[EventDate "2013.02.08"]
[EventType "swiss"]
[EventRounds "6"]
[EventCountry "ISL"]
[SourceTitle "EXT 2014"]
[Source "ChessBase"]
[SourceDate "2013.11.20"]
[SourceVersion "1"]
[SourceVersionDate "2013.11.20"]
[SourceQuality "1"]

1. e4 e6 2. d4 d5 3. exd5 exd5 4. Nf3 Nc6 5. Bb5 Nge7 6. 0-0 Bg4 7. Re1 Qd6 8. Nc3 0-0-0 9. Bg5 f6 10. Be3 g5 11. Be2 Kb8 12. a3 h5 13. h3 Bxf3 14. Bxf3 g4 15. Nb5 Qd7 16. hxg4 hxg4 17. Bxg4 f5 18. Bh3 a6 19. Nc3 Bg7 20. Ne2 Ng6 21. Qd3 Nce7 22. Bg5 Rdf8 23. Ng3 Bf6 24. Bd2 Bh4 25. Qf3 Qd6 26. Nh5 Bf6 27. Bb4 Qd8 28. Nxf6 Rxf6 29. Bxe7 Nxe7 30. Re5 Ng6 31. Rxd5 Qg8 32. Rc5 Nh4 33. Qg3 Rg6 34. Qxc7+ Ka7 35. g3 Nf3+ 36. Kg2 Nxd4 37. Rxf5 Nxf5 38. Qc5+ Ka8 39. Qxf5 Rgh6 40. Rh1 Qe8 41. Kg1 Rf8 42. Qd3 Qc6 43. Bg2 Qf6 44. f3 Qb6+ 45. Kf1 Rd6 46. Qe2 Re6 47. Qd3 Rd8 0-1

[Event "Nordic-ch U18 Gp-A"]
[Site "Bifrost"]
[Date "2013.02.08"]
[Round "1"]
[White "Lindgren, Philip"]
[Black "Jessen, Alexander"]
[Result "1/2-1/2"]
[WhiteElo "2263"]
[BlackElo "1945"]
[PlyCount "107"]
[EventDate "2013.02.08"]
[EventType "swiss"]
[EventRounds "6"]
[EventCountry "ISL"]
[SourceTitle "EXT 2014"]
[Source "ChessBase"]
[SourceDate "2013.11.20"]
[SourceVersion "1"]
[SourceVersionDate "2013.11.20"]
[SourceQuality "1"]

1. d4 Nf6 2. c4 e5 3. dxe5 Ng4 4. e3 Nxe5 5. Nc3 Nbc6 6. f4 Ng6 7. Bd3 Bb4 8. Bd2 d6 9. Nge2 0-0 10. a3 Bc5 11. b4 Bb6 12. Nd5 Nce7 13. Nxb6 axb6 14. 0-0 d5 15. Qc2 f5 16. Rfd1 Kh8 17. Bc3 Qe8 18. Nd4 c6 19. c5 b5 20. Re1 Qf7 21. Nf3 Ng8 22. h4 N6e7 23. Qb2 Nf6 24. Bxf6 Qxf6 25. Qxf6 Rxf6 26. Re2 Rf8 27. a4 bxa4 28. Rea2 d4 29. Nxd4 Nd5 30. Rxa4 Rxa4 31. Rxa4 Nxe3 32. Ra8 g6 33. b5 cxb5 34. Nxb5 Kg7 35. Nd6 Bd7 36. Ra7 Rb8 37. Nxb7 Kh8 38. Nd6 Bc6 39. Nf7+ Kg8 40. Ne5 Bd5 41. Nd7 Rb7 42. Rxb7 Bxb7 43. Ne5 Nxg2 44. c6 Bxc6 45. Nxc6 Nxh4 46. Kf2 h6 47. Ne5 g5 48. Bb5 Kg7 49. Be8 gxf4 50. Bh5 Kf6 51. Nd3 Kg5 52. Be8 Ng6 53. Bxg6 Kxg6 54. Nxf4+ 1/2-1/2